رت جگوں کی روشنائ / (Record no. 41386)

MARC details
000 -LEADER
fixed length control field 00833nam a22002537a 4500
005 - DATE AND TIME OF LATEST TRANSACTION
control field 20100812143829.0
008 - FIXED-LENGTH DATA ELEMENTS--GENERAL INFORMATION
fixed length control field 081119t xxu||||| |||| 00| 0 ur d
010 ## - LCCN (DPL NO)
LC control number UR-7691
020 ## - INTERNATIONAL STANDARD BOOK NUMBER
Terms of availability 100.00
035 ## - SYSTEM CONTROL NUMBER
System control number U-6246
040 ## - CATALOGING SOURCE
Original cataloging agency DPL
Language of cataloging UR
082 ## - DEWEY DECIMAL CLASSIFICATION NUMBER
Classification number 841
100 ## - MAIN ENTRY--PERSONAL NAME
9 (RLIN) 11327
245 ## - TITLE STATEMENT
Title رت جگوں کی روشنائ /
Statement of responsibility, etc وسیم اختر، مرتبہ
246 ## - VARYING FORM OF TITLE
Title proper/short title Ratjagon Ki Roshnai /
Remainder of title edited by Waseem Akhtar
260 ## - PUBLICATION, DISTRIBUTION, ETC. (IMPRINT)
Date of publication, distribution, etc 2008
Place of publication, distribution, etc وسیم اختر
270 ## - ADDRESS
Address Waseem Akhtar
City Sanmbhal
300 ## - PHYSICAL DESCRIPTION
Extent 120 ص
Dimensions 22 س م (Hb)
650 ## - SUBJECT ADDED ENTRY--TOPICAL TERM
Topical term or geographic name as entry element تاریخ
9 (RLIN) 11328
650 ## - SUBJECT ADDED ENTRY--TOPICAL TERM
Topical term or geographic name as entry element Indian history
9 (RLIN) 11329
700 ## - ADDED ENTRY--PERSONAL NAME
9 (RLIN) 11462
Personal name وسیم اختر
942 ## - ADDED ENTRY ELEMENTS (KOHA)
Source of classification or shelving scheme Dewey Decimal Classification
Item type Urdu Bks
Classification part 841
Call number suffix و س ی
Holdings
Withdrawn status Lost status Source of classification or shelving scheme Damaged status Not for loan Collection code Home library Current library Date acquired Source of acquisition Cost, normal purchase price Total Checkouts Full call number Barcode Date last seen Copy number Cost, replacement price Koha item type
    Dewey Decimal Classification   Not For Loan Non-fiction D.B.Act.Division D.B.Act.Division 12/08/2010 DBAD/PUB 100.00   841 و س ی U-6246 12/08/2010 1 100.00 Urdu Bks

© Delhi Public Library
Hit Counter
free hit counter